| 000 | 00915nam a22003137a 4500 | ||
|---|---|---|---|
| 001 | BR6004352 | ||
| 003 | BR-BrBNA | ||
| 005 | 20230928083206.0 | ||
| 007 | ta | ||
| 008 | 230509b bl.||||| |||| 00| 0 por d | ||
| 040 |
_aBR-BrBNA _bpor _cBiblioteca Nacional de Agricultura |
||
| 041 | _a(Por) | ||
| 072 |
_aL30 _b5300 |
||
| 090 | _ 5300 BR6004352 | ||
| 100 | 1 | _aAthanassof, N. | |
| 110 | 1 | _aSecretaria da Agricultura, Industria e Comercio do Estado de Sao Paulo, Sao Paulo (Brasil). Diretoria de Publicidade Agricola | |
| 245 | 1 | _aOs frutos e frutas na alimentacao dos suinos [Abobora; Chuchu; Banana; Goiaba; Manga] | |
| 260 | 3 |
_aSao Paulo, SP (Brasil): _c1944. |
|
| 300 | _a12 p. | ||
| 650 | _aNutricao animal | ||
| 650 | _aSuino | ||
| 650 | _aAbobora | ||
| 650 | _aChuchu | ||
| 650 | _aBanana | ||
| 650 | _aGoiaba | ||
| 650 | _aManga | ||
| 909 |
_a202309 _bLucia _c55 _dLucia Elande |
||
| 942 | _cBK | ||
| 999 |
_c12067 _d12067 |
||